| 000 | 01066nam a2200277 a 4500 | ||
|---|---|---|---|
| 001 | 25501 | ||
| 003 | BD-RjUL | ||
| 005 | 20211209050904.0 | ||
| 008 | 140318s1953 enkab 001 0 eng d | ||
| 035 | _a(BD-RjUL)25571 | ||
| 040 |
_aAAWM _beng _cAAWM _dBD-RjUL |
||
| 041 | _aeng | ||
| 082 | 0 | 4 |
_a947.9 _219 _bALC 1953 |
| 100 | 1 |
_aAllen, W. E. D. _q(William Edward David), _d1901- _978440 |
|
| 245 | 1 | 0 |
_aCaucasian battlefields : _ba history of the wars on the Turco-Caucasian border, 1828-1921 / _cby W.E.D. Allen and Paul Muratoff. |
| 260 |
_aCambridge : _bUniversity Press, _c1953. |
||
| 300 |
_axxi, 614 p., [16] leaves of plates : _bill., maps (some folded) ; _c24 cm. |
||
| 500 | _aReviews: International Affairs, Oct 1954 p.512-13; History, Oct 1955 p. 371-72. | ||
| 504 | _aIncludes index. | ||
| 650 | 0 |
_aWorld War, 1914-1918 _zSoviet Union. _978441 |
|
| 650 | 0 |
_aWorld War, 1914-1918 _zTurkey. _977267 |
|
| 651 | 0 |
_aTurkey _xHistory. _978442 |
|
| 651 | 0 |
_aCaucasus, Northern (Russia) _xHistory. _978443 |
|
| 700 | 1 |
_aMuratoff, Paul. _978444 |
|
| 942 |
_2ddc _cBK |
||
| 999 |
_c25501 _d25501 |
||